Normal view
MARC view
Entry Topical Term
001 - CONTROL NUMBER
- control field: 41174
003 - CONTROL NUMBER IDENTIFIER
- control field: dpl
005 - DATE AND TIME OF LATEST TRANSACTION
- control field: 20120208123657.0
008 - FIXED-LENGTH DATA ELEMENTS
- fixed length control field: 120208|||a|||||| | ||| d
040 ## - CATALOGING SOURCE
- Original cataloging agency: dpl
- Transcribing agency: dpl
150 ## - HEADING--TOPICAL TERM
- Topical term or geographic name as entry element: Computer interfaces.
670 ## - SOURCE DATA FOUND
- Source citation: Work cat.: (dpl): Hall, Douglas V. 41171, Microprocessors and interfacing :, 2004 (20th repr.)
670 ## - SOURCE DATA FOUND
- Source citation: Work cat.: (dpl): Hall, Douglas V. 41171, Microprocessors and interfacing :, 2004 (20th repr.)
